Aquaculture short course unit : Annual report 1994
Uloženo v:
| Korporativní autor: | |
|---|---|
| Médium: | Kniha |
| Jazyk: | Undetermined |
| Vydáno: |
Bangkok, Thailand
School of Environment, Resources and Development
1994
|
| Témata: | |
| Tagy: |
Přidat tag
Žádné tagy, Buďte první, kdo otaguje tento záznam!
|
| Thư viện lưu trữ: | Trung tâm Học liệu Trường Đại học Cần Thơ |
|---|
| LEADER | 00555nam a2200193Ia 4500 | ||
|---|---|---|---|
| 001 | CTU_150363 | ||
| 008 | 210402s9999 xx 000 0 und d | ||
| 082 | |a 639 | ||
| 082 | |b A832 | ||
| 110 | |a Aquaculture Programme | ||
| 245 | 0 | |a Aquaculture short course unit : | |
| 245 | 0 | |b Annual report 1994 | |
| 245 | 0 | |c Aquaculture Programme | |
| 260 | |a Bangkok, Thailand | ||
| 260 | |b School of Environment, Resources and Development | ||
| 260 | |c 1994 | ||
| 650 | |a Aquaculture | ||
| 904 | |i Giang | ||
| 980 | |a Trung tâm Học liệu Trường Đại học Cần Thơ | ||